00623nam a2200205 a 4500008004100000020001500041020000800056050001300064100002300077245010500100260003900205350000900244650002100253650002200274650005100296650001600347700002000363700001900383710001500402080306s2008 ||||||||||||||||| || u a9780821372 a272 aIBRD(02) aMorrison, Andrew R14aThe international migration of womencEdited by Andrew R. Morrison, Maurice Schiff and Mirja Sjoblom aWashington, D.C.bWorld Bankc2008 a0.00 aWOMEN IMMIGRANTS aWOMEN ALIEN LABOR aEMIGRATION AND IMMIGRATION -- ECONOMIC ASPECTS 0aBRAIN DRAIN aSchiff, Maurice aSjoblom, Mirja aWorld Bank